| 000 | 00478cam a2200121 4500500 | ||
|---|---|---|---|
| 005 | 20250921012038.0 | ||
| 041 | _afre | ||
| 042 | _adc | ||
| 100 | 1 | 0 |
_aCollectif, Travail _eauthor |
| 245 | 0 | 0 | _aتعدد مسالك الإبداع عند منور صمادح |
| 260 |
_bL'Académie tunisienne (Beït al-Hikma),
_c2005. |
||
| 856 | 4 | 1 | _uhttps://shs.cairn.info/تعدد-مسالك-الإبداع-عند-منور-صمادح--9789973490142?lang=fr&redirect-ssocas=7080 |
| 999 |
_c1509958 _d1509958 |
||